| 000 | 00749nam a2200193Ii 4500 | ||
|---|---|---|---|
| 003 | JO-AjNU | ||
| 008 | 230605s9999||||xx |||||||||||||| ||und|| | ||
| 040 |
_aJO-AjNU _bara _erda _cJO-AjNU |
||
| 041 | _aara | ||
| 050 | 1 | 4 | _aGV990 1993 |
| 100 | 3 |
_aإعداد الجمال، عبد النبي؛ تقديم كمال درويش, _eauthor _936317 |
|
| 245 | 0 | 0 | _aالموسوعة العربية للتنس: الأخطاء الشائعة وكيفية تصحيحها، الجزء الثالث |
| 264 | 3 | 1 | _aد.م: د.ن، 1993 |
| 300 |
_aج3: 105ص _bصور توضيحية |
||
| 336 |
_atext _btxt _2rdacontent |
||
| 337 |
_aunmediated _bn _2rdamedia |
||
| 338 |
_avolume _bnc _2rdacarrier |
||
| 650 | 4 |
_aالتنس - الاخطاء الشائعة _936318 |
|
| 999 |
_aA15077 _c18645 _d18645 |
||